|
|
|
|
| LEADER |
00000nam0a2200000 4500 |
| 001 |
333150 |
| 005 |
20231102004527.0 |
| 035 |
|
|
|a (RuTPU)RU\TPU\book\359145
|
| 090 |
|
|
|a 333150
|
| 100 |
|
|
|a 20170607d1964 km y0rusy50 ca
|
| 101 |
0 |
|
|a rus
|
| 102 |
|
|
|a RU
|
| 105 |
|
|
|a a z 001zy
|
| 200 |
1 |
|
|a Пути экономии и рационализации в гальванотехнике
|f А. М. Ямпольский
|
| 210 |
|
|
|a Ленинград
|c Лениздат
|d 1964
|
| 215 |
|
|
|a 124 с.
|c ил.
|
| 225 |
1 |
|
|a В помощь молодым рабочим
|
| 320 |
|
|
|a Библиогр.: с. 128
|
| 606 |
1 |
|
|a Гальванотехника
|2 stltpush
|3 (RuTPU)RU\TPU\subj\5533
|9 33586
|
| 610 |
1 |
|
|a рационализация
|
| 610 |
1 |
|
|a экономия материалов
|
| 610 |
1 |
|
|a энергетические расходы
|
| 610 |
1 |
|
|a осаждение
|
| 610 |
1 |
|
|a металлы
|
| 610 |
1 |
|
|a аноды
|
| 610 |
1 |
|
|a экономичность
|
| 610 |
1 |
|
|a замена
|
| 610 |
1 |
|
|a покрытия
|
| 610 |
1 |
|
|a зеркальные покрытия
|
| 610 |
1 |
|
|a регенерация
|
| 610 |
1 |
|
|a утилизация
|
| 610 |
1 |
|
|a электролиты
|
| 675 |
|
|
|a 621.357
|v 4
|
| 700 |
|
1 |
|a Ямпольский
|b А. М.
|g Анатолий Михайлович
|
| 801 |
|
1 |
|a RU
|b 63413507
|c 20170607
|
| 801 |
|
2 |
|a RU
|b 63413507
|c 20201123
|g RCR
|
| 942 |
|
|
|c BK
|